000 00457nam a22001451 4500
082 0 0 _a530.02462
_bFUR
_cL-6, P-37
100 1 _aFurry, W. H.
_939766
245 1 0 _aPhysics for science and engineering students,
_cby W.H. Furry, E.M. Purcell, and J.C. Street.
260 _aNew York,
_bBlakiston
_c[1952]
300 _aviii, 694 p.
_billus.
_c26 cm.
526 _a0
_b0
_c0
_d530_024620000000000_FUR
650 0 _aMCE
_9379
650 0 _aPhysics.
942 _2ddc
_cBK
999 _c544201
_d544201